000
00307nam a22001457a 4500
003
SGT
020
_a
978-93-86735-23-2
082
_a
615.53
_b
A17K
100
_a
KUMAR,A.ARHANTH
245
_a
ANJANA NIDANAM
260
_a
VARANASI
_b
CHAUKHAMBA PUB
300
_a
101
650
_a
AYURVEDA
942
_2
ddc
_c
BK
999
_c
16532
_d
16532